000
00279nam a22001337a 4500
008
210301b ||||| |||| 00| 0 eng d
020
_a
9781566198226
041
_a
eng
080
_a
611
100
_a
6
101
_a
ANA
245
_a
Gray's Anatomy
_c
Gray,H
942
_2
udc
_c
BK
999
_c
55345
_d
55345